MANUAL SMALL INCISION CATARACT SURGERY (Record no. 29869)

MARC details
000 -LEADER
fixed length control field 00366nam a22001457a 4500
003 - CONTROL NUMBER IDENTIFIER
control field OSt
005 - DATE AND TIME OF LATEST TRANSACTION
control field 20220210143425.0
008 - FIXED-LENGTH DATA ELEMENTS--GENERAL INFORMATION
fixed length control field 220210b |||||||| |||| 00| 0 eng d
040 ## - CATALOGING SOURCE
Original cataloging agency DDC
Transcribing agency HU
082 ## - DEWEY DECIMAL CLASSIFICATION NUMBER
Edition number 2ND
Classification number 617.71
Item number 4
245 ## - TITLE STATEMENT
Title MANUAL SMALL INCISION CATARACT SURGERY
250 ## - EDITION STATEMENT
Edition statement 2ND
260 ## - PUBLICATION, DISTRIBUTION, ETC.
Place of publication, distribution, etc. INDIA
Name of publisher, distributor, etc. ARAVIND EYE HOSPITAL
Date of publication, distribution, etc. 2000
942 ## - ADDED ENTRY ELEMENTS (KOHA)
Source of classification or shelving scheme Dewey Decimal Classification
Koha item type Books like text book referance book
Suppress in OPAC No
Holdings
Withdrawn status Lost status Source of classification or shelving scheme Damaged status Not for loan Home library Current library Date acquired Total Checkouts Full call number Barcode Date last seen Copy number Price effective from Koha item type
    Dewey Decimal Classification     College of Medicine and Health’s Sciences Library College of Medicine and Health’s Sciences Library 02/10/2022   617.71-MAN-2000 CMHSL00009191 02/10/2022 1 02/10/2022 Books like text book referance book
    Dewey Decimal Classification     College of Medicine and Health’s Sciences Library College of Medicine and Health’s Sciences Library 02/10/2022   617.71-MAN-2000 CMHSL00009192 02/10/2022 2 02/10/2022 Books like text book referance book
    Dewey Decimal Classification     College of Medicine and Health’s Sciences Library College of Medicine and Health’s Sciences Library 02/10/2022   617.71-MAN-2000 CMHSL00009193 02/10/2022 3 02/10/2022 Books like text book referance book
    Dewey Decimal Classification     College of Medicine and Health’s Sciences Library College of Medicine and Health’s Sciences Library 02/10/2022   617.71-MAN-2000 CMHSL00009194 02/10/2022 4 02/10/2022 Books like text book referance book